[Event "GRE-chT 46th"]
[Site "Rio Achaia"]
[Date "2018.07.11"]
[Round "3.17"]
[White "Boviatsis, Charalampos1111"]
[Black "Gkonelas, Nikolaos"]
[Result "1-0"]
[WhiteElo "1979"]
[BlackElo "1917"]
[PlyCount "105"]
[EventDate "2018.07.10"]
[EventType "team"]
[EventRounds "7"]
[EventCountry "GRE"]
[SourceTitle "CBM 185 Extra"]
[Source "ChessBase"]
[SourceDate "2018.07.29"]
[SourceVersion "1"]
[SourceVersionDate "2018.07.29"]
[SourceQuality "1"]
[WhiteTeam "Panellinios GA"]
[BlackTeam "Larissa"]
[WhiteTeamCountry "GRE"]
[BlackTeamCountry "GRE"]

1. e4 e5 2. Nf3 Nc6 3. Bb5 Nge7 4. 0-0 g6 5. d4 exd4 6. Nxd4 Bg7 7. Nxc6 bxc6 8. Bd3 0-0 9. c3 d6 10. Re1 Be6 11. Bg5 Qd7 12. Nd2 f6 13. Bh4 Rfe8 14. Qc2 g5 15. Bg3 Ng6 16. Rad1 Ne5 17. Be2 Bh6 18. Nb3 Qe7 19. Nd4 Bd7 20. Bh5 Reb8 21. Nf5 Bxf5 22. exf5 Rb6 23. b3 a5 24. Re3 Qf8 25. c4 c5 26. Rde1 a4 27. Bf3 axb3 28. Bd5+ Kh8 29. axb3 c6 30. Be6 Rba6 31. Qc3 Qb8 32. Bxe5 fxe5 33. g4 Bg7 34. Kg2 Qb4 35. Qd3 Rd8 36. h4 Bf6 37. hxg5 Bxg5 38. Rh1 Ra7 39. Reh3 Qb7 40. f6 Bxf6 41. Qg6 Rf8 42. Bg8 Bh4 43. Rxh4 Rxf2+ 44. Kxf2 Ra2+ 45. Ke3 Qxb3+ 46. Qd3 Qxd3+ 47. Kxd3 Kxg8 48. Rxh7 d5 49. Rc7 e4+ 50. Ke3 Ra3+ 51. Kf4 Rf3+ 52. Kg5 d4 53. Kg6 1-0

[Event "GRE-chT 46th"]
[Site "Rio Achaia"]
[Date "2018.07.10"]
[Round "1.17"]
[White "Hadzimanolis, Antonios"]
[Black "Gkonelas, Nikolaos"]
[Result "1-0"]
[WhiteElo "2246"]
[BlackElo "1917"]
[PlyCount "83"]
[EventDate "2018.07.10"]
[EventType "team"]
[EventRounds "7"]
[EventCountry "GRE"]
[SourceTitle "CBM 185 Extra"]
[Source "ChessBase"]
[SourceDate "2018.07.29"]
[SourceVersion "1"]
[SourceVersionDate "2018.07.29"]
[SourceQuality "1"]
[WhiteTeam "Triandrias OF"]
[BlackTeam "Larissa"]
[WhiteTeamCountry "GRE"]
[BlackTeamCountry "GRE"]

1. Nf3 d5 2. g3 Nf6 3. Bg2 e6 4. 0-0 Bd6 5. c4 c6 6. b3 0-0 7. Bb2 Nbd7 8. d3 Qe7 9. Qc2 b6 10. e4 dxe4 11. dxe4 e5 12. a3 a5 13. Nc3 Rd8 14. Rfd1 Ba6 15. Rd2 Ne8 16. Rad1 Ndf6 17. Na4 b5 18. cxb5 cxb5 19. Nb6 Rab8 20. Nd5 Nxd5 21. Rxd5 f6 22. Nh4 g6 23. Bh3 Bc8 24. Bf1 Nc7 25. R5d2 Bg4 26. Rc1 Rdc8 27. h3 Be6 28. Qd1 Rb6 29. Rdc2 Bxb3 30. Rxc7 Bxd1 31. Rxc8+ Kf7 32. Rxd1 Qb7 33. Rh8 Kg7 34. Rd8 Qc7 35. Ra8 Qc2 36. Ra7+ Kf8 37. Rc1 Rc6 38. Rxc2 Rxc2 39. Rxa5 Rxb2 40. Rxb5 Ra2 41. Rb7 Bc5 42. Rf7+ 1-0

[Event "Thessalias-chT"]
[Site "Thessalias"]
[Date "2007.??.??"]
[Round "?"]
[White "Tzamtzis, Konstantinos"]
[Black "Gkonelas, Nikolaos"]
[Result "1-0"]
[WhiteElo "1993"]
[BlackElo "1974"]
[PlyCount "97"]
[EventDate "2007.??.??"]
[EventType "team-tourn"]
[EventRounds "7"]
[EventCountry "GRE"]
[SourceTitle "EXT 2010"]
[Source "ChessBase"]
[SourceDate "2010.11.25"]
[SourceVersion "1"]
[SourceVersionDate "2010.11.25"]
[SourceQuality "1"]

1. d4 Nf6 2. c4 g6 3. Nc3 Bg7 4. e4 d6 5. f3 0-0 6. Bg5 e5 7. dxe5 dxe5 8. Qxd8 Rxd8 9. Nd5 Nbd7 10. 0-0-0 Rf8 11. Nxc7 Rb8 12. Nd5 Nxd5 13. cxd5 Nb6 14. Ne2 Bd7 15. Nc3 Rfc8 16. Kb1 Nc4 17. Bxc4 Rxc4 18. g4 f6 19. Be3 b6 20. h4 f5 21. gxf5 gxf5 22. Bg5 fxe4 23. fxe4 b5 24. Rde1 b4 25. Nd1 Rf8 26. Rhg1 h5 27. b3 Rd4 28. Nb2 Kh7 29. Nc4 Bb5 30. d6 Bxc4 31. bxc4 Bf6 32. c5 Bxg5 33. Rxg5 Rf2 34. Rg3 a5 35. Rb3 Rdd2 36. Rc1 Rxa2 37. c6 Rad2 38. c7 Rf8 39. c8Q Rxc8 40. Rxc8 Rxd6 41. Rc5 Rd1+ 42. Kb2 Rh1 43. Rxa5 Rxh4 44. Rxb4 Rh2+ 45. Kc3 Kg6 46. Rxe5 h4 47. Rb6+ Kf7 48. Ra5 Rh3+ 49. Kd4 1-0